000 01768nam a2200337Ia 4500
001 ebr10159713
003 CaPaEBR
006 m u
007 cr cn|||||||||
008 000404s2000 mauaf sb 001 0 eng d
010 _z 00039158
020 _z1568810903 (alk. paper)
040 _aCaPaEBR
_cCaPaEBR
035 _a(OCoLC)567981577
050 1 4 _aTR897.7
_b.C58 2000eb
082 0 4 _a006.6/96
_221
245 0 0 _aCloth modeling and animation
_h[electronic resource] /
_cedited by Donald H. House, David E. Breen.
260 _aNatick, Mass. :
_bA K Peters,
_cc2000.
300 _axiv, 344 p., [16] p. of plates :
_bill. (some col.)
504 _aIncludes bibliographical references and index.
520 1 _a"This book not only gives current methods for simulating cloth's look and behavior, it also provides a solid introduction to the construction and characteristics of cloth and even offers helpful hints on character costuming." "With sections on woven and knit fabrics, behavior modeling, dynamic simulation, cloth appearance models, and current techniques and applications of cloth animation, readers will have in this single volume a comprehensive guide to cloth modeling and animation."
533 _aElectronic reproduction.
_bPalo Alto, Calif. :
_cebrary,
_d2009.
_nAvailable via World Wide Web.
_nAccess may be limited to ebrary affiliated libraries.
650 0 _aComputer animation.
650 0 _aComputer graphics.
650 0 _aTextile fabrics.
655 7 _aElectronic books.
_2local
700 1 _aHouse, Donald,
_d1945-
700 1 _aBreen, David E.,
_d1960-
710 2 _aebrary, Inc.
856 4 0 _uhttp://site.ebrary.com/lib/rucke/Doc?id=10159713
_zAn electronic book accessible through the World Wide Web; click to view
999 _c133541
_d133541